000 01198nam a22002897a 4500
001 BD-DhSAU 9278
003 BD-DhSAU
005 20221207101736.0
008 150613b2018 bg a|||| m||| 00| 0 eng d
040 _aBD-DhSAU
082 _222
_a630
_bSu59
100 _aSULTANA, NAZMIN
_eRegistration # 13-05745
245 _aPerformance of different abiotic stresses on morpho-physiological responses of jute (chorchorus capsularis) grown in bangladesh /
_bMS thesis
260 _aSher-e-Bangla Agricultural University :
_bDepartment of Agronomy,
_c2020
300 _axii, 67p. :
_bill. ;
_c30 cm.
500 _aMS thesis of Department of Agonomy, Faculty of Agriculture, Sher-e-Bangla Agricultural University, Dhaka, Bangladesh
504 _aIncludes bibliographical reference.
590 _aNazmul
650 _aabiotic stresses
650 _amorpho-physiological
651 _ajute (chorchorus capsularis)
654 _agrown in bangladesh
700 _aAssist. Prof. Dr. Md. Mahabub Alam
_eSuperviser
700 _aProf. Dr. Mirza Hasanuzzaman
_eCo-superviser
856 _uhttp://archive.saulibrary.edu.bd:8080/xmlui/handle/123456789/4521
942 _2ddc
_cTHESIS
999 _c16305
_d16304